[Event "ZI-2011-0-00978"]
[Site "LSS email"]
[Date "2011.05.02"]
[Round "?"]
[White "Ross, Darryl"]
[Black "Martin, Dennis"]
[Result "0-1"]
[WhiteElo "1398"]
[BlackElo "1470"]
[PlyCount "58"]
[EventDate "2011.04.27"]
[EventType "match (corr)"]
[EventRounds "2"]
[EventCountry "GER"]
[SourceTitle "Telechess CBM 149"]
[Source "ChessBase"]
[SourceDate "2012.07.17"]
[SourceVersion "1"]
[SourceVersionDate "2012.07.17"]
[SourceQuality "1"]

1. f4 f5 2. e4 fxe4 3. d3 exd3 4. Bxd3 Nf6 5. Nf3 e6 6. Ng5 g6 7. h4 Bc5 8. h5 gxh5 9. Rxh5 Nxh5 10. Qxh5+ Ke7 11. Qf7+ Kd6 12. Ne4+ Kc6 13. Qh5 Qe7 14. Nbc3 a6 15. Nxc5 Qxc5 16. Qxc5+ Kxc5 17. Ne4+ Kc6 18. g4 d5 19. Ng5 Nd7 20. Be3 Nc5 21. 0-0-0 Nxd3+ 22. Rxd3 b6 23. Bd4 Rg8 24. Rc3+ Kb7 25. Rh3 Bd7 26. Rxh7 Rad8 27. Nf7 Rdf8 28. g5 Kc8 29. Bf6 Be8 0-1

[Event "ZI-2011-0-00973"]
[Site "LSS email"]
[Date "2011.04.26"]
[Round "?"]
[White "Salazar Moran, Alejandro Fortunato"]
[Black "Ross, Darryl"]
[Result "1-0"]
[WhiteElo "1496"]
[BlackElo "1400"]
[PlyCount "57"]
[EventDate "2011.04.20"]
[EventType "match (corr)"]
[EventRounds "2"]
[EventCountry "GER"]
[SourceTitle "Telechess CBM 145"]
[Source "Chessbase"]
[SourceDate "2011.11.11"]
[SourceVersion "1"]
[SourceVersionDate "2011.11.11"]
[SourceQuality "1"]

1. e4 e5 2. Nf3 Nf6 3. Nxe5 d6 4. Nf3 Nxe4 5. d4 d5 6. Bd3 Nc6 7. 0-0 Bg4 8. c4 Nb4 9. Be2 Be7 10. Nc3 0-0 11. a3 Nxc3 12. bxc3 Nc6 13. cxd5 Qxd5 14. Rb1 Rab8 15. Re1 Rfe8 16. h3 Bxf3 17. Bxf3 Qd7 18. Bg4 Qd5 19. Bf4 Qd8 20. d5 Na5 21. Qa4 b6 22. Re2 Bd6 23. Bg5 f6 24. Be3 Qe7 25. Be6+ Kh8 26. Qh4 Rbd8 27. Bf5 g6 28. Bxg6 Rg8 29. Bd4 1-0

[Event "ZI-2011-0-00931"]
[Site "LSS email"]
[Date "2011.03.18"]
[Round "?"]
[White "Ross, Darryl"]
[Black "Stastny, Pavel"]
[Result "0-1"]
[WhiteElo "1400"]
[BlackElo "2250"]
[PlyCount "50"]
[EventDate "2011.03.13"]
[EventType "match (corr)"]
[EventRounds "2"]
[EventCountry "GER"]
[SourceTitle "Telechess CBM 147"]
[Source "ChessBase"]
[SourceDate "2012.03.16"]
[SourceVersion "1"]
[SourceVersionDate "2012.03.16"]
[SourceQuality "1"]

1. d4 Nf6 2. Bg5 c5 3. d5 Ne4 4. Bf4 Qb6 5. Nd2 Qxb2 6. Nxe4 Qb4+ 7. Qd2 Qxe4 8. e3 g5 9. f3 Qf5 10. Bg3 Bg7 11. c3 h5 12. e4 Qg6 13. Bd3 h4 14. e5 Qh6 15. Bf2 Bxe5 16. Ne2 d6 17. Rc1 Nd7 18. Bb5 a6 19. Bxd7+ Bxd7 20. Rb1 Bb5 21. c4 Bxc4 22. Rxb7 h3 23. g3 Qf6 24. Qa5 Qxf3 25. Qd2 Bc3 0-1

[Event "ZI-2011-0-00931"]
[Site "LSS email"]
[Date "2011.03.18"]
[Round "?"]
[White "Stastny, Pavel"]
[Black "Ross, Darryl"]
[Result "1-0"]
[WhiteElo "2250"]
[BlackElo "1400"]
[PlyCount "69"]
[EventDate "2011.03.13"]
[EventType "match (corr)"]
[EventRounds "2"]
[EventCountry "GER"]
[SourceTitle "Telechess CBM 147"]
[Source "ChessBase"]
[SourceDate "2012.03.16"]
[SourceVersion "1"]
[SourceVersionDate "2012.03.16"]
[SourceQuality "1"]

1. e4 e5 2. Nf3 Nf6 3. Nxe5 d6 4. Nf3 Nxe4 5. d4 d5 6. Bd3 Be7 7. 0-0 Nc6 8. c4 Nb4 9. cxd5 Nxd3 10. Qxd3 Qxd5 11. Re1 Bf5 12. g4 Bg6 13. Nc3 Nxc3 14. Qxc3 f6 15. Nh4 Kf7 16. Qxc7 Rhe8 17. Nxg6 hxg6 18. h3 Rad8 19. Bd2 Rd7 20. Qc3 Qxd4 21. Qxd4 Rxd4 22. Be3 Re4 23. Red1 Ke6 24. Bxa7 Rc8 25. Re1 Rxe1+ 26. Rxe1+ Kf7 27. Bd4 b5 28. a3 Rc4 29. Rd1 Bc5 30. Bxc5 Rxc5 31. Rd7+ Kf8 32. Rb7 g5 33. Kg2 Re5 34. Kf3 Kg8 35. Ra7 1-0